| 000 | 00522nam a2200181 i 4500 | ||
|---|---|---|---|
| 001 | 75284 | ||
| 003 | ES-MaACL | ||
| 005 | 20230906172408.0 | ||
| 007 | t| | ||
| 008 | 040923s1964 xxu ||||1| eng d | ||
| 100 | 1 |
_aGrant, Eugene L. _959655 |
|
| 245 | 1 | 0 |
_aBasic accounting and cost accounting / _cEugene L. Grant, Lawrence F. Bell. |
| 250 | _a2nd ed. | ||
| 260 |
_aNew York : _bMcGraw-Hill, _c[1964] |
||
| 300 |
_aVII, 520 p. ; _c23 cm. |
||
| 700 | 1 |
_aBell, Lawrence F. _927178 |
|
| 852 |
_aES-MaACL _jC-56370 _bR.89081 |
||
| 999 |
_c75284 _d75284 |
||